Foreign trade and foreign exchange/ (Record no. 11683)

MARC details
000 -LEADER
fixed length control field 00615nam a22002177a 4500
005 - DATE AND TIME OF LATEST TRANSACTION
control field 20231004104015.0
008 - FIXED-LENGTH DATA ELEMENTS--GENERAL INFORMATION
fixed length control field 231004b ||||| |||| 00| 0 eng d
020 ## - INTERNATIONAL STANDARD BOOK NUMBER
International Standard Book Number 9788184887662
040 ## - CATALOGING SOURCE
Original cataloging agency IN-DiNC
Transcribing agency IN-DiNC
041 ## - LANGUAGE CODE
Language code of sung or spoken text English
082 ## - DEWEY DECIMAL CLASSIFICATION NUMBER
Classification number 382
Item number AGA
100 ## - MAIN ENTRY--PERSONAL NAME
Personal name Agarwal, O P
Relator term Author
245 ## - TITLE STATEMENT
Title Foreign trade and foreign exchange/
Statement of responsibility, etc. by O P Agarwal and B K Chaudhuri
250 ## - EDITION STATEMENT
Edition statement 6th rev. ed.
260 ## - PUBLICATION, DISTRIBUTION, ETC.
Place of publication, distribution, etc. Mumbai:
Name of publisher, distributor, etc. Himalaya publishing house,
Date of publication, distribution, etc. 2009
300 ## - PHYSICAL DESCRIPTION
Extent 551p.
650 ## - SUBJECT ADDED ENTRY--TOPICAL TERM
Topical term or geographic name entry element Import/ export control
650 ## - SUBJECT ADDED ENTRY--TOPICAL TERM
Topical term or geographic name entry element Foreihn remittances
700 ## - ADDED ENTRY--PERSONAL NAME
Personal name Chaudhuri, B K
Relator term Author
942 ## - ADDED ENTRY ELEMENTS (KOHA)
Source of classification or shelving scheme Dewey Decimal Classification
Koha item type Books
Holdings
Withdrawn status Lost status Source of classification or shelving scheme Damaged status Not for loan Collection code Home library Current library Shelving location Date acquired Cost, normal purchase price Total Checkouts Full call number Barcode Date last seen Copy number Price effective from Koha item type
    Dewey Decimal Classification     Economics Central Library, Naharkatiya College Central Library, Naharkatiya College General Stacks 04/10/2023 1250.00   382 AGA 22299 04/10/2023 1 04/10/2023 Books

Naharkatiya College © 2020. All rights reserved.

Powered By